[Event "Olympiad-31"]
[Site "Moscow"]
[Date "1994.12.02"]
[Round "2.3"]
[White "Blatny, Pavel"]
[Black "Lobron, Eric"]
[Result "0-1"]
[WhiteElo "2485"]
[BlackElo "2580"]
[Annotator "Ribli,Z"]
[PlyCount "96"]
[EventDate "1994.12.01"]
[EventType "team-swiss"]
[EventRounds "14"]
[EventCountry "RUS"]
[SourceTitle "CBM 045"]
[Source "ChessBase"]
[SourceDate "1995.04.01"]
[SourceVersion "1"]
[SourceVersionDate "1995.04.01"]
[SourceQuality "1"]
[WhiteTeam "Czech Republic"]
[BlackTeam "Germany"]
[WhiteTeamCountry "CZE"]
[BlackTeamCountry "GER"]

1. Nf3 Nf6 2. b3 g6 3. Bb2 Bg7 4. g3 d6 5. Bg2 (5. d4 $5) 5... e5 6. d3 O-O 7.
c4 c5 8. O-O Nc6 9. Nc3 h6 (9... Ne8 10. Qd2 Nc7 11. Rad1 Rb8 12. Qc1 h6 13. e3
f5 14. Ne2 Kh7 15. Ne1 Qe7 16. Nc2 Bd7 $10 {Blatny,P-Stohl,I/Brno/1994/CBM43/})
(9... Nh5 $5 10. Nd2 f5 11. e3 Be6 12. Nd5 Qd7 $13 {Lechtinsky,J-Glek,I/
Bundesliga/1992/INF58,(60)/}) 10. e3 (10. Nd2 Be6 11. a3 Qd7 12. Nd5 Nh7 $13 {
Spraggett,K-Chiburdanidze,M/Biel/1990/CBM19/}) 10... Bf5 $5 (10... Re8 $6 11.
Re1 Be6 12. Rc1 Qd7 13. a3 Bh3 $6 14. Bh1 Rad8 15. Nd2 $14 {Lobron,E-Lalic,B/
Solingen-Bosna/1988/INF46,68/}) 11. Qd2 (11. h3 Qd7 12. Kh2 g5 13. Ng1 g4 14.
Ne4 Nh7 15. f4 gxh3 16. Nxh3 Bg4 17. Qd2 f5 18. Nc3 Rae8 $13 {Grigorian,
K-Tukmakov,V/USSR/1977/INF24,92/}) 11... Qd7 12. Rfe1 Bh3 13. Bh1 Rae8 14. Rad1
$6 (14. a3 b6 15. Rab1 Nh7 16. Nd5 f5 17. b4 $13) 14... Bg4 $1 {/^ d1,g4} 15.
Qc1 Nh7 {/\ Ng5} 16. Ne2 Nb4 17. Qb1 (17. a3 Nxd3 18. Rxd3 e4 19. Bxg7 Kxg7 $17
) 17... Qf5 18. Nh4 Qh5 19. f3 (19. Rd2 Ng5 $36) 19... Bc8 20. f4 g5 21. Bf3 (
21. fxg5 hxg5 22. Nf3 g4 23. Nh4 Ng5 $17) 21... Bg4 22. Bxg4 Qxg4 23. Ng2 f5
24. a3 Nc6 25. Kh1 (25. Nc3 exf4 26. gxf4 gxf4 27. exf4 Nd4 $17) 25... Nf6 26.
Ng1 $6 (26. Qc2 $5 Re6 27. Ng1 Rfe8 $15) 26... Nh5 $1 {/\ Ng3 /\ Qh5} 27. Ne2
Rf6 28. Rd2 Rfe6 29. Qd1 Qh3 30. Rf1 exf4 31. gxf4 Bxb2 32. Rxb2 {[#]} Rxe3 33.
Nxe3 Rxe3 34. Kg1 (34. fxg5 Ne5 $19) 34... g4 35. Rf2 Nd4 36. Nxd4 cxd4 37. Qf1
(37. Rbe2 g3 38. Rg2 Nxf4 $19) 37... Qh4 38. Rbe2 Kf7 $6 (38... Kf8 $1 39. Qg2
(39. Rxe3 dxe3 40. Re2 g3 $40) 39... Rxe2 40. Rxe2 Nxf4 $19) 39. c5 $2 (39. Qg2
$5) 39... g3 40. Rf3 (40. hxg3 Rxg3+ 41. Rg2 Nxf4 $19) 40... gxh2+ 41. Rxh2
Qg4+ 42. Qg2 Rxf3 43. Qxg4 fxg4 44. Rxh5 dxc5 45. Rxc5 Rxd3 46. Rc7+ Kf6 47.
Rxb7 h5 48. Rh7 Kf5 {Ribli} 0-1

[Event "HUN-ch"]
[Site "Hungary"]
[Date "1992.??.??"]
[Round "1"]
[White "Tolnai, Tibor"]
[Black "Szekely, Peter"]
[Result "1-0"]
[WhiteElo "2495"]
[BlackElo "2435"]
[Annotator "Ribli,Z"]
[PlyCount "123"]
[EventDate "1992.12.??"]
[EventType "tourn"]
[EventRounds "11"]
[EventCountry "HUN"]
[EventCategory "11"]
[SourceTitle "CBM 034"]
[Source "ChessBase"]
[SourceDate "1993.06.01"]
[SourceVersion "1"]
[SourceVersionDate "1993.06.01"]
[SourceQuality "1"]

1. g3 g6 2. Bg2 c5 3. Nf3 Bg7 4. O-O Nc6 5. c4 Nf6 6. Nc3 O-O 7. d4 cxd4 8.
Nxd4 Qa5 $6 (8... Qb6 $6 9. Nc2 d6 10. b3 Ng4 11. Bd2 Be6 12. h3 Nf6 13. Rc1
Qc7 14. Kh2 Rad8 15. Ne3 $14 {Sappanen,A-Karppinen,M Helsinki op 1992 CBM/32})
9. Nc2 (9. e3 d6 10. Bd2 Bg4 $2 11. Nd5 $1 $16 {Adorjan,A-Horvath,Jo Debrecen
1990 CBM/20}) 9... d6 10. h3 (10. Nd5 Nxd5 11. cxd5 Ne5 12. Bd2 Qb6 13. Bc3 Bd7
$13 {Vaganian,R-Smejkal,J Porz 1992 CBM/31}) 10... Be6 11. Ne3 Rfc8 12. Bd2 Qd8
13. Rc1 a6 14. b3 Rab8 15. Ncd5 $1 Bd7 (15... b5 $2 16. Nxf6+ Bxf6 17. cxb5 $18
) 16. Bc3 Nxd5 17. Nxd5 Bxc3 18. Rxc3 Be6 (18... b5 $5) 19. Qd2 Bxd5 20. Bxd5
Qd7 21. h4 Ne5 (21... Rc7 22. h5 $36) 22. Rfc1 Rc7 23. f4 Ng4 24. Bf3 Nf6 25.
Kg2 Qf5 26. Qd4 $1 Qa5 27. c5 $1 $14 dxc5 (27... Qxa2 28. cxd6 Rxc3 29. Rxc3
Rd8 30. Qe5 $18) 28. Rxc5 Rxc5 29. Qxc5 Qxc5 (29... Qxa2 30. Qxe7 $18) 30. Rxc5
$14 Ne8 31. e4 Kf8 32. Kf2 e6 33. Ke3 Ke7 34. b4 Kd7 35. Bd1 Nd6 36. g4 Rc8 37.
Rxc8 Nxc8 38. Kd4 Kd6 39. a4 Na7 40. e5+ Kc7 41. a5 b6 42. axb6+ Kxb6 43. Ba4
Nb5+ 44. Kc4 h6 45. Bd1 Na7 46. Bc2 Nb5 47. Ba4 Kc6 48. Kd3 Kc7 49. Bb3 Na7 50.
Ba4 Nc6 51. Kc4 Kb6 52. h5 gxh5 53. gxh5 Ne7 54. Be8 Nd5 55. Bxf7 Nxf4 56. Kd4
Kc7 57. Ke4 Nd5 58. Bxe6 Nxb4 59. Kf5 Kd8 60. Kf6 Nd3 61. Bc4 Nf4 62. e6 1-0

[Event "Kottnauer Memorial"]
[Site "Prague"]
[Date "1996.??.??"]
[Round "6"]
[White "Blatny, Pavel"]
[Black "Stohl, Igor"]
[Result "0-1"]
[WhiteElo "2515"]
[BlackElo "2515"]
[Annotator "Ribli,Z"]
[PlyCount "106"]
[EventDate "1996.06.??"]
[EventType "tourn"]
[EventRounds "10"]
[EventCountry "CSR"]
[EventCategory "12"]
[SourceTitle "CBM 054"]
[Source "ChessBase"]
[SourceDate "1996.10.01"]
[SourceVersion "1"]
[SourceVersionDate "1996.10.01"]
[SourceQuality "1"]

1. Nf3 Nf6 2. b3 g6 3. Bb2 Bg7 4. c4 c5 5. g3 d6 6. Bg2 e5 7. O-O O-O 8. e3 (8.
d3 Nc6 9. Nc3 h6 $5 (9... Ne8 10. Qd2 Nc7 11. Rad1 Rb8 12. Qc1 h6 13. e3 f5 14.
Ne2 $13 {Blatny,P-Stohl,I/Brno/1994/CBM43/}) 10. Nd2 (10. e3 Bf5 11. Qd2 Qd7
12. Rfe1 Bh3 13. Bh1 Rae8 14. Rad1 $6 Bg4 15. Qc1 Nh7 $132 {Blatny,P-Lobron,E/
Moscow olm/1994/CBM45/}) 10... Be6 11. Nd5 Rb8 12. a3 a5 13. e3 Nh7 14. Qc2 f5
15. f4 Qd7 $13 {Hickl,J-Lutz,C/Nussloch/1996/CBM53/}) 8... Nc6 9. Nc3 Bf5 (9...
Re8 10. d4 cxd4 11. exd4 Bg4 12. h3 $5 Bxf3 13. Bxf3 exd4 14. Nb5 Ne4 15. Re1
Nc3 16. Rxe8+ Qxe8 17. Qd2 Qd7 18. Bg2 d5 {und remis in einer Partie Kiss A.-
Horvath Jo.1989 Ung.Mannschaftmeisterschaft.}) 10. d3 Qd7 11. Ng5 Ne8 $5 {
Interessante Idee. Der schwarze Springer steht elastischer auf e8 und c7, als
auf f6.} (11... h6 12. Nge4 Ne8 13. Nd5 Bh3 14. Bxh3 Qxh3 15. f4 $13 {Schiffer,
KU-Sorin,A/Groningen op/1994/}) 12. e4 Bg4 13. f3 Be6 14. Nxe6 {Es ist besser
für Weiss, sofort zu tauschen, sonst folgt Nc7, und nach Nxe6 kann Schwarz mit
Nxe6 zurückschlagen.} Qxe6 15. Nd5 Qd7 16. f4 exf4 17. Bxg7 Kxg7 18. Rxf4 f6 $1
$10 19. Qd2 (19. Qf1 Nd4 20. Bh3 Qd8 21. Qf2 g5) 19... Nc7 20. Bh3 Qd8 21. Ne3
Nd4 22. Raf1 h5 $1 {Ein profilaktischer Zug um Ng4 zu verhindern. Auf den
ersten Blick steht Weiss etwas aktiver, aber Schwarz kann langsam seine
Stellung aufbauen, und er hat das "ewige" Feld d4 für seinen Springer.} 23.
R4f2 Qe7 24. Ng2 Qe5 25. Nf4 Rf7 26. g4 $6 {Das gefällt mir nicht. Schwarz
wehrt die Drohungen ab und verschafft sich eine bessere Stellung.} h4 27. g5
Raf8 (27... Qxg5+ $4 28. Rg2) 28. gxf6+ Rxf6 29. Bg4 Ne8 30. Qe3 Kh7 31. Nd5
Rxf2 32. Rxf2 Nf6 {Der schwarze Plan ist Klar. Er wünscht sich, die Figuren
soweit wie möglich abzutauschen und ein Endspiel Springer gegen Laufer zu
spielen.} 33. Qh3 Qg5 34. Ne3 Kg7 35. Kf1 Nh7 36. Rxf8 Nxf8 $17 37. Kf2 Qf4+
38. Kg2 Nh7 {Es scheint, dass die weisse Königstellung verwundbarer ist als
die schwarze.} 39. Bd1 Nf6 40. a4 g5 41. Kg1 Kf7 42. a5 Ke7 $1 {Schwarz muss
nicht eilen. Da sein Gegner kein Gegenspiel hat, kann er sich Zeit zu diesem
Königsmanöver nehmen.} 43. Kg2 Kd8 44. Kg1 Nc6 45. a6 bxa6 46. Kg2 Nd4 47. Kg1
Kc7 48. Kg2 Nc6 49. Bh5 {Verkürzt die Agonie. Aber die weisse Stellung war auf
jede Weise verloren.} Nxh5 50. Nd5+ Kd8 51. Qe6 Qf8 52. e5 Nd4 53. Qg4 Nf4+ {
Ribli} 0-1

[Event "Maribor Pirc Memorial"]
[Site "Maribor"]
[Date "1993.??.??"]
[Round "?"]
[White "Mohr, Georg"]
[Black "Cebalo, Miso"]
[Result "1/2-1/2"]
[WhiteElo "2435"]
[BlackElo "2485"]
[Annotator "Ribli,Z"]
[PlyCount "81"]
[EventDate "1993.02.??"]
[EventType "tourn"]
[EventRounds "9"]
[EventCountry "SLO"]
[EventCategory "8"]
[SourceTitle "CBM 036"]
[Source "ChessBase"]
[SourceDate "1993.10.01"]
[SourceVersion "1"]
[SourceVersionDate "1993.10.01"]
[SourceQuality "1"]

1. Nf3 c5 2. g3 Nf6 3. Bg2 g6 4. O-O Bg7 5. c4 O-O 6. Nc3 Nc6 7. d3 d5 8. cxd5
Nxd5 9. Nxd5 Qxd5 10. Be3 Bd7 (10... Bxb2 {Reich,T-Mikhalchishin,A/Kecskemet/
1991/CBM26/52,61/}) 11. Nd4 Qd6 12. Nxc6 Bxc6 13. Bxc6 Qxc6 14. Rc1 Qe6 15. b3
$6 (15. Rxc5 $5 {Brunner,L-Ribli,Z/Baden Baden-B/1992/CBM33/}) 15... b6 $10 16.
Rc4 Rfd8 17. Re4 Qd7 (17... Qf6 $6 {Mohr,G-Grosar,A/Bled/1991/CBM24/}) 18. Qc1
Rac8 19. a4 Bd4 $1 20. Qc4 e6 21. Rc1 a5 22. h4 Re8 23. h5 f5 24. Rh4 Bf6 25.
Rh1 g5 26. Qb5 Qxb5 27. axb5 g4 28. Rc4 Rcd8 29. Kg2 Kf7 30. f3 gxf3+ 31. Kxf3
Rg8 32. g4 fxg4+ 33. Rxg4 Rxg4 34. Kxg4 a4 $1 35. bxa4 Ra8 36. Rf1 Rxa4+ 37.
Rf4 Ra2 38. Rf2 Ra4+ 39. Rf4 Ra2 40. Rf2 Ra4+ 41. Rf4 1/2-1/2

[Event "Voskresensk"]
[Site "Voskresensk"]
[Date "1990.??.??"]
[Round "?"]
[White "Dizdar, Goran"]
[Black "Mohr, Georg"]
[Result "1-0"]
[WhiteElo "2470"]
[BlackElo "2450"]
[Annotator "Ribli,Z"]
[PlyCount "121"]
[EventDate "1990.07.??"]
[EventType "tourn"]
[EventRounds "11"]
[EventCountry "URS"]
[EventCategory "9"]
[SourceTitle "CBM 019"]
[Source "ChessBase"]
[SourceDate "1990.12.01"]
[SourceVersion "1"]
[SourceVersionDate "1990.12.01"]
[SourceQuality "1"]

1. Nf3 Nf6 2. g3 g6 3. b3 Bg7 4. Bb2 O-O 5. Bg2 c5 6. c4 Nc6 7. O-O d6 8. Nc3
Bg4 (8... Rb8 9. d4 cxd4 10. Nxd4 Bd7 11. Nd5 $5 Nxd5 12. cxd5 Ne5 {Csom,I-Van
der Sterren,P Ter Apel 1990 CBM 17}) (8... Bd7 9. e3 Rb8 10. d4 Bg4 11. Qd2 $6
e5 12. d5 Ne7 13. Ne1 Bd7 14. e4 Nh5 $13 {Chernin-Ivanov New York 1989 47/69})
9. h3 Bf5 10. d3 (10. d4) 10... Ne8 11. Qd2 Nc7 12. Nd5 Bxb2 13. Qxb2 Nxd5 14.
cxd5 Nb4 15. Qd2 Kg7 16. Qb2+ Kg8 17. Qd2 Kg7 18. e4 Bd7 19. d4 b6 20. a3 Na6
21. e5 Nc7 22. Rfe1 a5 23. Re4 h6 24. Rae1 Bf5 25. Rh4 Rh8 26. dxc5 bxc5 27. e6
$1 f6 (27... fxe6 28. g4 g5 29. gxf5 (29. Nxg5 hxg5 30. Qxg5+ Bg6 31. Rxh8 Qxh8
32. Qxe7+ $18) 29... gxh4 30. fxe6 Qf8 31. Re4 $16) 28. Rf4 $1 a4 29. g4 axb3
30. gxf5 g5 31. Rg4 Nb5 32. a4 $18 Nc7 33. Rc4 Qb8 34. Rb1 Qb7 35. h4 Qxd5 36.
Qxd5 Nxd5 37. Nd2 Nb6 38. Bxa8 Nxc4 39. Nxc4 Rxa8 40. hxg5 Rxa4 41. gxh6+ Kxh6
42. Nb6 Rb4 43. Nd5 Rb7 44. f4 Kh5 45. Ne3 Rb4 46. Kg2 Rxf4 47. Rxb3 Rb4 48.
Ra3 Kg5 49. Ra7 Re4 50. Kf3 Rf4+ 51. Ke2 Re4 52. Kf3 Rf4+ 53. Ke2 Re4 54. Kd3
Rd4+ 55. Kc2 Kf4 56. Nf1 Kxf5 57. Rxe7 Ra4 58. Re8 Ke5 59. Ng3 d5 60. e7 Ke6
61. Nf5 {Ribli} 1-0

[Event "Vienna op"]
[Site "Vienna"]
[Date "1990.??.??"]
[Round "9"]
[White "Ftacnik, Lubomir"]
[Black "Szalanczy, Emil"]
[Result "1-0"]
[WhiteElo "2550"]
[BlackElo "2405"]
[Annotator "Ribli,Z"]
[PlyCount "111"]
[EventDate "1990.10.??"]
[EventType "swiss"]
[EventRounds "9"]
[EventCountry "AUT"]
[SourceTitle "CBM 021"]
[Source "ChessBase"]
[SourceDate "1991.04.01"]
[SourceVersion "1"]
[SourceVersionDate "1991.04.01"]
[SourceQuality "1"]

1. Nf3 c5 2. c4 g6 3. g3 Bg7 4. Bg2 Nc6 5. Nc3 Nf6 6. O-O O-O 7. d3 b6 (7... d5
$5) 8. Bg5 (8. Ne5 Bb7 9. Nxc6 Bxc6 $13) 8... Bb7 9. Qd2 d6 10. Rab1 Qd7 11. a3
Rac8 12. b4 Rfd8 13. b5 Na5 14. e4 e6 15. Ne1 Qe8 16. Qf4 Nh5 17. Qc1 Rd7 18.
Nf3 Qf8 19. Re1 Nf6 20. Bd2 Ng4 21. Ne2 Ne5 22. Nf4 h6 23. Qc2 Nxf3+ 24. Bxf3
Bd4 25. Ne2 Bg7 26. Bg2 Qd8 27. Nf4 Bd4 28. Rf1 Ba8 29. h4 Kh7 30. Rbe1 Qh8 31.
Ne2 Bg7 32. Kh2 Nb7 33. f4 {/\ h5} d5 34. exd5 exd5 35. Bxd5 Rxd5 36. cxd5 Nd6
37. Bc3 Nxb5 38. Bxg7 Qxg7 39. f5 g5 40. Qa4 $1 a6 41. f6 Qg6 42. Qg4 Rd8 43.
h5 Qg8 44. a4 Nd6 45. Nc3 Bb7 46. Re7 Bc8 47. Qe2 g4 48. Qe5 b5 49. Ne4 Nxe4
50. dxe4 b4 51. Qc7 Rf8 52. Qxc5 b3 53. Qe3 a5 54. Rb1 Qh8 55. Qf4 Qg8 56. Rxb3
1-0

[Event "Porz Citroen-Cup"]
[Site "Cologne"]
[Date "1990.??.??"]
[Round "4"]
[White "Schulz, Klaus Juergen"]
[Black "Rechmann, Peter"]
[Result "1/2-1/2"]
[WhiteElo "2385"]
[BlackElo "2355"]
[Annotator "Ribli,Z"]
[PlyCount "62"]
[EventDate "1990.12.??"]
[EventType "tourn"]
[EventRounds "9"]
[EventCountry "GER"]
[EventCategory "7"]
[SourceTitle "CBM 021"]
[Source "ChessBase"]
[SourceDate "1991.04.01"]
[SourceVersion "1"]
[SourceVersionDate "1991.04.01"]
[SourceQuality "1"]

1. Nf3 Nf6 2. c4 g6 3. g3 Bg7 4. Bg2 c5 5. O-O O-O 6. d4 cxd4 7. Nxd4 Nc6 8.
Nc2 d6 9. Nc3 Be6 10. b3 Qd7 11. Re1 (11. e4 $5 Bh3 12. Qe2 Rfc8 13. Rd1 $14 {
Davies-Tolnai 47/(62)}) 11... Bh3 12. Bh1 Ng4 13. Bb2 (13. Qd2 a6 14. f3 Nf6
15. Bb2 Rfc8 16. Ne3 {Lautier,J-Koch,JR Dortmund-B 1989 CBM/13_}) 13... Qf5 14.
Bf3 Qh5 15. Na4 Nce5 16. Bxb7 Rad8 17. Bf3 Nxf3+ 18. exf3 Ne5 19. Nd4 Bc8 $44
20. Nc3 Bb7 21. Kg2 Ng4 22. h3 Nxf2 $1 23. Kxf2 Bxd4+ 24. Kg2 Be5 25. Qe2 Qg5
26. Qf2 f5 27. Nd5 $1 Bxd5 28. cxd5 Bxb2 29. Qxb2 f4 30. g4 Rc8 31. Qf2 Rc3
1/2-1/2

[Event "Biel-B"]
[Site "Biel"]
[Date "1990.??.??"]
[Round "2"]
[White "Spraggett, Kevin"]
[Black "Chiburdanidze, Maia"]
[Result "1/2-1/2"]
[WhiteElo "2540"]
[BlackElo "2500"]
[Annotator "Ribli,Z"]
[PlyCount "43"]
[EventDate "1990.07.??"]
[EventType "tourn"]
[EventRounds "11"]
[EventCountry "SUI"]
[EventCategory "10"]
[SourceTitle "CBM 019"]
[Source "ChessBase"]
[SourceDate "1990.12.01"]
[SourceVersion "1"]
[SourceVersionDate "1990.12.01"]
[SourceQuality "1"]

1. Nf3 Nf6 2. c4 g6 3. b3 Bg7 4. Bb2 O-O 5. g3 d6 6. Bg2 e5 7. Nc3 c5 8. O-O
Nc6 9. d3 {-> A 38} h6 10. Nd2 (10. e3 Bf5 (10... Re8 11. Re1 Be6 12. Rc1 Qd7
13. a3 {Lobron-Lalic Solingen-Bosna 1988 46/68}) 11. h3 Qd7 12. Kh2 Rab8 13.
Qd2 g5 14. Rad1 a6 15. d4 cxd4 16. exd4 exd4 17. Nxd4 Nxd4 18. Qxd4 Ng4+ 19.
hxg4 Bxd4 20. Rxd4 Bg6 21. c5 $146 {Speelman-Martin Great Britain ch 1982 44/74
}) 10... Be6 11. a3 (11. Rc1 Qd7 12. Nde4 Ne8 $10 {Holmov-Averbach URS ch 1956}
) 11... Qd7 12. Nd5 Nh7 13. f4 h5 14. Rb1 Rae8 15. e3 Bg4 16. Qc2 h4 17. Rbe1
hxg3 18. hxg3 Be6 19. Ne4 f5 20. Nec3 g5 21. Re2 Nf6 22. Nxf6+ {Ribli} 1/2-1/2

[Event "Bled/Rogaska Slatina"]
[Site "Bled"]
[Date "1991.??.??"]
[Round "6"]
[White "Kotronias, Vasilios"]
[Black "Djuric, Stefan"]
[Result "0-1"]
[WhiteElo "2520"]
[BlackElo "2540"]
[Annotator "Ribli,Z"]
[PlyCount "80"]
[EventDate "1991.06.??"]
[EventType "tourn"]
[EventRounds "13"]
[EventCountry "SLO"]
[EventCategory "12"]
[SourceTitle "CBM 024"]
[Source "ChessBase"]
[SourceDate "1991.10.01"]
[SourceVersion "1"]
[SourceVersionDate "1991.10.01"]
[SourceQuality "1"]

1. Nf3 Nf6 2. c4 c5 3. Nc3 d5 4. cxd5 Nxd5 5. g3 g6 6. Bg2 Bg7 7. O-O O-O 8.
Nxd5 Qxd5 9. d3 Nc6 10. Be3 Bd7 11. Nd4 Qd6 12. Nxc6 Bxc6 13. Bxc6 Qxc6 14. Rc1
Qe6 15. Bxc5 $6 (15. Rxc5 Qxa2 16. Rb5 Qa6 17. Qb3 b6 18. Rb4 Rfc8 19. Ra4 Qb7
20. Rfa1 h5 21. h4 Rc6 $10 {Ehlvest,J-Polugaevsky,L Reggio Top 16 1991 CBM/22})
15... Bxb2 16. Rc4 (16. Rb1 Bg7 17. a4 Rfd8 18. Be3 b6 $10 {Timman-Olafsson
Amsterdam 1976}) 16... Bf6 17. a4 Rfc8 18. Re4 Qd7 19. Ba3 Rc7 20. Qb1 Rac8 21.
Rc1 b6 22. Rxc7 Rxc7 23. Kg2 Rc3 24. Bb4 Rc6 25. Qb3 Kg7 26. Bd2 Rc5 27. f3 h5
28. Be3 Rc3 29. Qb4 Rc2 30. Bf2 Qd5 31. Kf1 Rc1+ 32. Kg2 Rc2 33. Kf1 Qa2 34.
Bd4 e5 35. Bf2 $2 (35. Rxe5 $1 Rc1+ (35... Bxe5 36. Bxe5+ $146) 36. Kf2 Rb1 37.
Qc3 Qxa4 $13) 35... Qa1+ 36. Kg2 Rc1 37. f4 Rh1 38. fxe5 Bg5 39. Rf4 Qf1+ 40.
Kf3 Rxh2 0-1

[Event "Kecskemet Szechenyi"]
[Site "Kecskemet"]
[Date "1991.??.??"]
[Round "5"]
[White "Reich, Thomas"]
[Black "Mikhalchishin, Adrian"]
[Result "0-1"]
[WhiteElo "2400"]
[BlackElo "2520"]
[Annotator "Ribli,Z"]
[PlyCount "78"]
[EventDate "1991.07.??"]
[EventType "tourn"]
[EventRounds "9"]
[EventCountry "HUN"]
[EventCategory "8"]
[SourceTitle "CBM 026"]
[Source "ChessBase"]
[SourceDate "1992.02.01"]
[SourceVersion "1"]
[SourceVersionDate "1992.02.01"]
[SourceQuality "1"]

1. c4 Nf6 2. Nf3 c5 3. g3 d5 4. cxd5 Nxd5 5. Nc3 Nc6 6. Nxd5 Qxd5 7. Bg2 g6 8.
O-O Bg7 9. d3 O-O 10. Be3 Bxb2 $5 (10... Bd7 11. Nd4 Qd6 12. Nxc6 Bxc6 13. Bxc6
Qxc6 14. Rc1 Qe6 15. Bxc5 $6 (15. Rxc5 $5) 15... Bxb2 16. Rc4 Bf6 $13 {
Kotronias,V-Djuric,S Bled/Rogaska Slatina 1991 CBM/24}) 11. Nd4 (11. Rb1 Bg7
12. Nd4 Qxa2 13. Nxc6 bxc6 14. Bxc6 Bh3 15. Bxa8 Rxa8 16. Re1 Bc3 17. f3 c4 $15
{Ftacnik,L-Kortschnoj,V Beersheba 1990 CBM/17}) 11... Qd6 12. Nxc6 (12. Nb5 $5
Qd7 13. Rb1 $146) 12... Bxa1 13. Qxa1 bxc6 14. Bh6 f6 15. Bxf8 Kxf8 16. Rc1 Rb8
17. Qc3 Bg4 18. Bf1 (18. Kf1 Qe6 19. f3 Bh3 20. Bxh3 Qxh3+ 21. Kg1 Qe6 $15)
18... Rb5 19. Qa3 Qb8 20. e3 Qb6 $6 (20... Bf3 $5) 21. d4 Rb1 22. dxc5 $2 (22.
Rxc5 $5) 22... Qb2 $1 23. Qxb2 Rxb2 24. Bg2 Bd7 25. h4 Rxa2 26. Rb1 Rc2 27.
Rb8+ Kf7 28. Rb7 Rc1+ 29. Kh2 Ke6 30. e4 Rxc5 31. Bh3+ f5 32. g4 Kd6 33. gxf5
gxf5 34. f4 e5 35. exf5 exf4 36. f6 Bxh3 37. Kxh3 Rf5 38. f7 f3 39. Kg4 Ke6 0-1

[Event "Ostrava"]
[Site "Ostrava"]
[Date "1991.??.??"]
[Round "2"]
[White "Plachetka, Jan"]
[Black "Mikac, Matjaz"]
[Result "0-1"]
[WhiteElo "2470"]
[BlackElo "2425"]
[Annotator "Ribli,Z"]
[PlyCount "90"]
[EventDate "1991.09.??"]
[EventType "tourn"]
[EventRounds "9"]
[EventCountry "CZE"]
[EventCategory "9"]
[SourceTitle "CBM 026"]
[Source "ChessBase"]
[SourceDate "1992.02.01"]
[SourceVersion "1"]
[SourceVersionDate "1992.02.01"]
[SourceQuality "1"]

1. Nf3 c5 2. g3 g6 3. Bg2 Bg7 4. O-O Nf6 5. c4 Nc6 6. d4 cxd4 7. Nxd4 O-O 8.
Nc3 d6 9. Nc2 (9. Nxc6 $1 bxc6 10. Bxc6 $14 {-> E 65}) 9... Qa5 (9... Bd7 10.
b3 Qc8 11. Bb2 Bh3 12. Ne3 Bxg2 13. Kxg2 Qe6 14. Ned5 Rac8 15. Qd2 Ne4 16. Nxe4
Qxe4+ 17. f3 Qe6 18. Bxg7 Kxg7 19. e4 $14 {Ivanov,MD-Olbrich,I Moscow2 1991
EXP/21}) 10. h3 (10. Qd2 Qh5 11. Qg5 Qxg5 12. Bxg5 h6 13. Bd2 Be6 14. b3 Rfc8
15. Rac1 Rab8 $10 {Konopka,M-Danek,L Brno/Morava-D 1991 EXP/24}) (10. Nd5 $5
Nxd5 11. cxd5 Ne5 12. Bd2 Qb6 13. Bc3 Bf5 14. Ne3 Bd7 15. Qd2 Rfc8 16. Rfc1 Nc4
$2 17. Nxc4 Rxc4 18. Bxg7 Rxc1+ 19. Rxc1 Kxg7 20. Rc4 $1 $16 {Keene-Stean
London 1973 16/62}) 10... Be6 11. Nd5 Bxd5 12. cxd5 Ne5 13. Bd2 Qb6 14. Bc3
Rfc8 15. Bd4 Qc7 16. Ne3 Ne8 17. b3 Nd7 18. Bxg7 Kxg7 19. h4 Qc3 20. Bh3 Nef6
21. Rc1 Qb4 22. Qe1 Qd4 23. Qa5 Rc5 24. Rxc5 Nxc5 25. Rd1 Qe5 26. Qd2 Nce4 27.
Qd4 Qxd4 28. Rxd4 a5 $1 29. Rc4 Nc5 30. Bg2 b5 31. Rc1 b4 32. Rc4 Ne8 33. Nc2
Nc7 34. Nd4 Ra6 35. f4 f5 36. Kf2 Kf6 37. Nc6 Nb5 38. e4 fxe4 39. Bxe4 Nc3 40.
Bf3 Nxa2 41. Nd4 a4 42. bxa4 Rxa4 43. Bd1 Ra3 44. Nc2 Rc3 45. Be2 b3 0-1

[Event "Reggio Emilia Top16 33rd"]
[Site "Reggio Emilia"]
[Date "1991.??.??"]
[Round "?"]
[White "Ehlvest, Jaan"]
[Black "Polugaevsky, Lev"]
[Result "1/2-1/2"]
[WhiteElo "2650"]
[BlackElo "2610"]
[Annotator "Ribli,Z"]
[PlyCount "55"]
[EventDate "1991.01.??"]
[EventType "tourn"]
[EventRounds "14"]
[EventCountry "ITA"]
[EventCategory "16"]
[SourceTitle "CBM 022"]
[Source "ChessBase"]
[SourceDate "1991.06.01"]
[SourceVersion "1"]
[SourceVersionDate "1991.06.01"]
[SourceQuality "1"]

1. c4 c5 2. Nf3 Nc6 3. Nc3 Nf6 4. g3 d5 5. cxd5 Nxd5 6. Bg2 g6 7. Nxd5 Qxd5 8.
O-O Bg7 9. d3 O-O 10. Be3 Bd7 11. Nd4 Qd6 12. Nxc6 Bxc6 13. Bxc6 Qxc6 14. Rc1
Qe6 15. Rxc5 Qxa2 16. Rb5 Qa6 (16... b6 17. Qa1 Qe6 18. Qa4 Qd7 19. Ra1 Rfc8
20. Ra2 h5 21. Rb4 Qb7 22. b3 Qd5 23. Qb5 Qxb5 24. Rxb5 Bc3 25. Rd5 e6 26. Rd7
a5 27. Rb7 $16 {Ehlvest,J-Polugaevsky,L Haninge 1990 CBM/18}) (16... a6 $5 17.
Rxb7 Rab8 18. Rxe7 Rxb2 19. Re4 Rc2 $44 {Ehlvest,J-Hellers,F Haninge 1990 CBM/
18}) 17. Qb3 b6 18. Rb4 Rfc8 $5 (18... Rfb8 $13 {Andersson-Ljubojevic Tilburg
1987}) 19. Ra4 Qb7 20. Rfa1 h5 $1 21. h4 Rc6 22. Ra6 Qd7 $1 23. Kg2 (23. Bxb6
$2 Qb7 $1 $19) 23... Re6 24. R1a2 Bd4 25. Bxd4 Qxd4 26. e3 Qd7 27. Qa3 Rd8 $1
28. Rxa7 1/2-1/2

[Event "Vrnjacka Banja"]
[Site "Vrnjacka Banja"]
[Date "1991.??.??"]
[Round "13"]
[White "Davies, Nigel Rodney"]
[Black "Kaspi, Alexander"]
[Result "1-0"]
[WhiteElo "2500"]
[BlackElo "2390"]
[Annotator "Ribli,Z"]
[PlyCount "117"]
[EventDate "1991.04.??"]
[EventType "tourn"]
[EventRounds "15"]
[EventCountry "YUG"]
[EventCategory "9"]
[SourceTitle "CBM 023"]
[Source "ChessBase"]
[SourceDate "1991.08.01"]
[SourceVersion "1"]
[SourceVersionDate "1991.08.01"]
[SourceQuality "1"]

1. c4 Nf6 2. g3 c5 3. Bg2 g6 4. Nc3 Bg7 5. Nf3 O-O 6. d4 cxd4 7. Nxd4 Nc6 8.
O-O d6 9. Nc2 Bd7 10. b3 Qc8 (10... a6 11. Bb2 Rb8 12. Nd5 Nxd5 13. Bxg7 Kxg7
14. cxd5 $14 {Schneider,B-Schulz,K Porz Citroen-Cup 1990}) 11. Re1 Bh3 12. Bh1
h5 13. Bb2 Ng4 14. Qd2 h4 15. Rab1 hxg3 16. hxg3 Qf5 17. e4 Qh5 18. Nd5 Bh6 19.
Qc3 f6 20. f3 Nge5 21. Re2 Qg5 22. f4 Qh5 23. Rh2 Ng4 24. Bf3 e5 25. Rh1 $1
exf4 26. Bg2 $18 f3 27. Rxh3 f2+ 28. Kh1 Qg5 29. Bc1 Qxc1+ 30. Rxc1 Bxc1 31.
Nd4 Bh6 32. Ne6 Rf7 33. Rxh6 Nxh6 34. Nxf6+ Kh8 35. Ng4+ Ne5 36. Nxe5 dxe5 37.
Qxe5+ Kg8 38. Ng5 f1=Q+ 39. Bxf1 Rxf1+ 40. Kg2 Raf8 41. Qd5+ Kh8 42. Qd4+ Kg8
43. Ne6 R8f6 44. Qd8+ Kh7 45. Qe7+ Nf7 46. Nf4 R1xf4 47. gxf4 Rxf4 48. e5 Kh6
49. e6 Ng5 50. Qd7 Rg4+ 51. Kf2 Ne4+ 52. Kf3 Nf6 53. Qxb7 Rg5 54. Qe7 Rf5+ 55.
Ke2 g5 56. c5 Nd5 57. Qd6 Nf4+ 58. Ke3 Rf6 59. e7 1-0